000 00905nam a2200265Ia 4500
003 OSt
005 20221005112556.0
006 a|||||r|||| 00| 0
007 ta
008 221004b |||||||| |||| 00| 0 pan d
020 _a9789383392216 (hbk)
_cINR 200.00
024 _a45030
037 _b1066, 22/02/2019, H.K. Prakashan
_cTextual
040 _aCRL
_cCRL
_bpan
041 _2pan
_apan
082 _aO153,1NWA1x, Q9
100 _aਵਾਗਲਾ, ਜਸਵੰਤ, ਂਚ.
245 0 _aਝਾਂਜਰ
260 _aਚੰਡੀਗੜ੍ਹ
_bਯੂਨੀਸਟਾਰ ਭਾਰਤ
_c2018
300 _a100ਪ੍ਰ0
_ccm.
650 _a ਪੰਜਾਬੀ ਕਾਵਿ
650 _aਪੰਜਾਬੀ ਸਾਹਿਤ
942 _hO153,1NWA1x, Q9
_cTEXL
_2cc
999 _c1025302
_d1025302